| 000 | 00454nam a22001337a 4500 | ||
|---|---|---|---|
| 003 | SGT | ||
| 082 |
_a617.6342 _bC13M |
||
| 100 | _aMARYA, NIDHI | ||
| 245 | _aCOMPARISON OF SEALING ABILITIES OF A NEWER UNIQUE OBTURATING MATERIAL WITH CONVENTIONALLY AVAILABLE MATERIALS USING FLUID FILTRATION SYSTEM - AN IN VITRO STUDY | ||
| 260 |
_aDELHI NCR _bSGT UNIVERSITY GURUGRAM _c2013 |
||
| 300 | _a1-49 | ||
| 650 | _aCONSERVATIVE DENTISTRY | ||
| 942 |
_2ddc _cTH |
||
| 999 |
_c16092 _d16092 |
||